Fr. Conceicao Rodrigues College of Engineering

Fundamentals of Machine Design (Record no. 28850)

MARC details
000 -LEADER
fixed length control field 00293nam a2200133Ia 4500
082 ## - DEWEY DECIMAL CLASSIFICATION NUMBER
Classification number 621.815
100 ## - MAIN ENTRY--PERSONAL NAME
Personal name Orlov/ P.
245 ## - TITLE STATEMENT
Title Fundamentals of Machine Design
260 ## - PUBLICATION, DISTRIBUTION, ETC.
Name of publisher, distributor, etc. Mir Publishers
Place of publication, distribution, etc. Moscow
Date of publication, distribution, etc. 1980
300 ## - PHYSICAL DESCRIPTION
Extent 386
546 ## - LANGUAGE NOTE
Language note ENGLISH
654 ## - SUBJECT ADDED ENTRY--FACETED TOPICAL TERMS
Focus term Machine Design
942 ## - ADDED ENTRY ELEMENTS (KOHA)
Koha item type BOOK
Holdings
Withdrawn status Lost status Damaged status Not for loan Collection Home library Current library Shelving location Date acquired Source of acquisition Cost, normal purchase price Inventory number Total Checkouts Full call number Barcode Date last seen Cost, replacement price Price effective from Koha item type
        AFT Fr. Agnel's C.Rodrigues College of Engineering Fr. Agnel's C.Rodrigues College of Engineering   17/03/2023 Crown Book House 13.00 84   621.815 AFT3594 17/03/2023 13.00 17/03/2023 BOOK
        AFT Fr. Agnel's C.Rodrigues College of Engineering Fr. Agnel's C.Rodrigues College of Engineering   17/03/2023 Crown Book House 13.00 84   621.815 AFT3595 17/03/2023 13.00 17/03/2023 BOOK
        ITI Fr. Agnel's C.Rodrigues College of Engineering Fr. Agnel's C.Rodrigues College of Engineering   17/03/2023         621.815 ORL ITI412 17/03/2023   17/03/2023 BOOK